Nobelove ceny 2002

Držitelia Nobelových cien za rok 2002. Nobelova cena: Aj ekonómia je niekedy iracionálna. Päť pôvodných Nobelových cien. História Nobelových cien za ekonómiu. O histórii a zakladateľovi Nobelovej ceny.

Guardado en:
Detalles Bibliográficos
Autor principal: Ondrášik, Braňo
Formato: Capítulo de libro
Lenguaje:eslovaco
Materias:
Etiquetas: Agregar Etiqueta
Sin Etiquetas, Sea el primero en etiquetar este registro!

MARC

LEADER 00000naa a2200000 4500
001 r047414
005 20230925130509.0
041 0 |a slo 
044 |a SK 
245 1 0 |a Nobelove ceny 2002  |c Braňo Ondrášik 
520 |a Držitelia Nobelových cien za rok 2002. Nobelova cena: Aj ekonómia je niekedy iracionálna. Päť pôvodných Nobelových cien. História Nobelových cien za ekonómiu. O histórii a zakladateľovi Nobelovej ceny. 
610 2 0 |a Nobelova cena 
610 2 0 |a 2002 
610 2 0 |a história 
610 2 0 |a literatúra 
610 2 0 |a medicína 
610 2 0 |a chémia 
610 2 0 |a fyzika 
610 2 0 |a ekonómia 
100 1 |a Ondrášik, Braňo